| 000 | 00644 a2200217 4500 | ||
|---|---|---|---|
| 003 | OSt | ||
| 005 | 20180116192349.0 | ||
| 008 | 120531t xxu||||| |||| 00| 0 eng d | ||
| 020 | _a1858942993 (hbk.) | ||
| 020 | _a9781858942995 | ||
| 040 | _c0 | ||
| 082 | 0 | 4 | _a720.951 |
| 100 | 1 |
_aChan, Bernard. _93054 |
|
| 245 | 1 | 0 |
_aNew architecture in China / _cBernard Chan. |
| 260 |
_aLondon : _bMerrell, _c2005. |
||
| 300 |
_a240 p. : _bill. ; _c28 cm. |
||
| 500 | _aIncludes index. | ||
| 650 | 1 | 0 |
_aArchitecture _zChina _y21st century. _93055 |
| 942 |
_aSADA _cBK _k720.951 CHA 2005 _2ddc |
||
| 999 |
_c352849 _d352849 |
||